LEADER 01193nam a2200301 i 4500 001 991000640919707536 005 20020506135431.0 008 010104s1903 uk ||| | eng 035 $ab10736724-39ule_inst 035 $aEXGIL148536$9ExL 040 $aBiblioteca Interfacoltà$bita 082 0 $a709.2 100 1 $aRuskin, John$011255 245 14$aThe works of John Ruskin /$cedited by E.T. Cook and Alexander Wedderburn 260 $aLondon :$bAllen ; New York : Longmans, Green,$c1903-1912 300 $a39 v. :$bill. (alcune color.), facs., c. geogr., plans, ritr. ;$c25 cm. 650 4$aRuskin, John 700 1 $aCook, Edward Tyas 700 1 $aWedderburn, Alexander 740 0 $aEarly prose writings ;$n1 740 0 $aPoems ;$n2 907 $a.b10736724$b02-04-14$c28-06-02 912 $a991000640919707536 945 $aLE002 In. I C 2 I$cV. 1$g1$i2002000675088$lle002$o-$pE0.00$q-$rn$so $t0$u0$v0$w0$x0$y.i10826841$z28-06-02 945 $aLE002 In. I C 2 II$cV. 2$g1$i2002000915832$lle002$o-$pE0.00$q-$rn$so $t0$u0$v0$w0$x0$y.i10826853$z28-06-02 996 $aWorks of John Ruskin$9911137 997 $aUNISALENTO 998 $ale002$b01-01-01$cm$da $e-$feng$guk $h4$i2